Mô hình kinh tế lượng

Sách trình bảy bản chất của kinh tế lượng; nội dung của phương pháp kinh tế lượng; xây dựng mô hình, kiểm định độ tin cậy của mô hình và tính bền vững của nó, khắc phục hậu quả do mô hình vi phạm các giả thiết; sử dụng các phương trìn...

ver descrição completa

Na minha lista:
Detalhes bibliográficos
Autor principal: Trần, Văn Tùng
Formato: Livro
Idioma:Undetermined
Publicado em: Hà Nội Đại học Quốc gia Hà Nội 1999
Assuntos:
Tags: Adicionar Tag
Sem tags, seja o primeiro a adicionar uma tag!
Thư viện lưu trữ: Trung tâm Học liệu Trường Đại học Cần Thơ
LEADER 01023nam a2200205Ia 4500
001 CTU_37126
008 210402s9999 xx 000 0 und d
020 |c 12500 
082 |a 330.015195 
082 |b T513 
100 |a Trần, Văn Tùng 
245 0 |a Mô hình kinh tế lượng 
245 0 |c Trần Văn Tùng 
260 |a Hà Nội 
260 |b Đại học Quốc gia Hà Nội 
260 |c 1999 
520 |a Sách trình bảy bản chất của kinh tế lượng; nội dung của phương pháp kinh tế lượng; xây dựng mô hình, kiểm định độ tin cậy của mô hình và tính bền vững của nó, khắc phục hậu quả do mô hình vi phạm các giả thiết; sử dụng các phương trình toán học để kiểm định bằng thực nghiệm 
650 |a Econometrics,Economics, mathematical 
904 |i Minh, H. Mai 
980 |a Trung tâm Học liệu Trường Đại học Cần Thơ